| 000 | 00480nmm a2200169Ia 4500 | ||
|---|---|---|---|
| 008 | 251105s9999||||xx |||||||||||||||||und|| | ||
| 020 | _a9789569171093 | ||
| 041 | _aspa | ||
| 100 | _aRuffinelli, Jorge | ||
| 245 | 0 | _aAmérica Latina en 130 documentales | |
| 264 |
_a[Santiago de Chile, Chile] : _bUqbar, _c2012 |
||
| 300 | _a280 páginas | ||
| 490 | _aCine Latinoamérica | ||
| 650 | _aFilm studies | ||
| 856 | _uhttps://public.digitaliapublishing.com/a/21299 | ||
| 942 | _cCF | ||
| 999 |
_c94763 _d94763 |
||